000 00367nam a2200133Ia 4500
008 240624s9999 xx 000 0 und d
041 _aeng
082 _a332.6327 HUB
100 _aHUBBARD R GLENN
245 _aMUTUAL FUND INDUSTRY COMPETITION AND INV
260 _c2010
_aNew York
_bColumbia BUsiness School
300 _axix, : 228 : p. : cm. ; 23
365 _c
_b25
999 _c22988
_d22988